Gachiakuta Personnages - Statistiques

Statistiques générales
  • Ce quiz a été pris 54 fois
    44 depuis la dernière actualisation
  • Le résultat moyen est 19 sur 41
Statistiques - réponses
Indice Réponse % Correct
Nettoyeur - Team Akuta Rudo Surebrec
93%
Nettoyeur - Team Akuta Enjin
81%
Nettoyeur - Team Akuta Zanka Nijiku
81%
Nettoyeur - Team Akuta Riyo Reaper
78%
Vandale Jabber Wonger
74%
Penta le Désert Interdit Amo Empoor
70%
Nettoyeur - Unité de Soutien Gris Rubion
70%
Nettoyeur - Team Eager Tamsy Caines
67%
Nettoyeur - Chef Arkha Corvus / Alfa
63%
Nettoyeur - Unité de Soutien Follo Tunito
63%
Nettoyeur - Team Child Dear Santa / Dia
59%
Vandale Fu Orostor
59%
Cité Céleste Regto
59%
Vandale Zodyl Typhon
59%
Nettoyeur Semiu Grier
56%
Nettoyeur August Stilza
52%
Nettoyeur - Team Child Bro Santa
52%
Nettoyeur - Team Eager Delmon Gates
52%
Nettoyeur - Team Child Guita Hebby Fantasia
52%
Canvas Town Remlin Tysark
52%
Vandale Bundus Begalkeit
44%
Cité Céleste Chiwa
44%
Nettoyeur Eishia Stilza / Asia
41%
Vandale Noerde Hew Amozo / Nelde
41%
Médecin Alice Stilza
37%
Nettoyeur - Unité de Soutien Tomme Mima
37%
Canvas Town Gob
33%
Garde Infernale Hyo
33%
Garde Infernale - 1ère Brigade des Cornes Rouges Kyouka Nijiku / Kyôka
33%
Assassin L'Ange
33%
Vandale Cthoni Andor
26%
Reporter Mymo
26%
Le Fossoyeur Canis Surebrec
22%
Garde Infernale -1ère Brigade des Cornes Rouges Goka Nijiku
22%
Penta le Désert Interdit Monsieur
22%
Vandale Konza
19%
Nettoyeur Shikage
19%
Poupée Hii / Hi
15%
1er Créatiste Macaca Icol / Makaka
11%
Canvas Town Gnomulas Ridd
7%
Vandale Vandale Truelle / Mud Raider
4%
Aucun quiz correspondant
Distribution des résultats
% des personnes avec chaque résultat
Percentile par nombre de réponses
Votre historique - résultats
Vous n’avez pas pris ce quiz depuis la dernière actualisation